Miasta województwa podkarpackiego - Statystyki

Ogólne statystyki
  • Ten quiz został rozwiązany 1 266 razy
  • Średni wynik to 22 z 51
Statystyki odpowiedzi
Miasto Ludność (2017) % Poprawnych
Rzeszów 189 662
98%
Przemyśl 61 808
88%
Krosno 46 600
83%
Mielec 60 628
80%
Dębica 46 063
76%
Sanok 37 980
76%
Stalowa Wola 61 903
76%
Jasło 35 445
75%
Jarosław 37 892
74%
Tarnobrzeg 47 387
74%
Łańcut 17 777
65%
Ustrzyki Dolne 9176
62%
Przeworsk 15 452
58%
Leżajsk 13 990
57%
Kolbuszowa 9158
53%
Lesko 5532
53%
Nisko 15 355
53%
Ropczyce 15 848
52%
Brzozów 7471
49%
Lubaczów 12 101
47%
Sędziszów Małopolski 7524
44%
Strzyżów 8893
42%
Boguchwała 6096
39%
Dynów 6146
37%
Dukla 2098
36%
Iwonicz-Zdrój 1798
36%
Nowa Dęba 11 215
36%
Pilzno 4892
36%
Głogów Małopolski 6431
35%
Sokołów Małopolski 4133
33%
Rymanów 3792
32%
Radymno 5335
29%
Rudnik nad Sanem 6728
29%
Zagórz 5105
28%
Nowa Sarzyna 5970
27%
Sieniawa 2146
27%
Kańczuga 3182
26%
Tyczyn 3805
25%
Jedlicze 5761
23%
Ulanów 1405
23%
Baranów Sandomierski 1477
22%
Błażowa 2148
22%
Radomyśl Wielki 3167
21%
Brzostek 2714
20%
Przecław 1748
20%
Narol 2102
19%
Pruchnik 3772
19%
Cieszanów 1940
18%
Kołaczyce 1434
18%
Zaklików 3017
18%
Oleszyce 3041
17%
Nie znaleziono quizów pasujących do podanych kryteriów
Rozkład punktacji
Procent ludzi z każdym wynikiem
Percentyl według liczby udzielonych odpowiedzi
Twoja historia wyników
Nie rozwiązałeś tego quizu